<?xml version="1.0" encoding="UTF-8"?>
<record
    xmlns:xsi="http://www.w3.org/2001/XMLSchema-instance"
    xsi:schemaLocation="http://www.loc.gov/MARC21/slim http://www.loc.gov/standards/marcxml/schema/MARC21slim.xsd"
    xmlns="http://www.loc.gov/MARC21/slim">

  <leader>00917nam a22002057a 4500</leader>
  <controlfield tag="003">OSt</controlfield>
  <controlfield tag="005">20131031101017.0</controlfield>
  <controlfield tag="008">130619s2008    sp ||||| ||||f00| 0 spa d</controlfield>
  <datafield tag="040" ind1=" " ind2=" ">
    <subfield code="c">CDMR</subfield>
  </datafield>
  <datafield tag="245" ind1=" " ind2=" ">
    <subfield code="a">Inmigraci&#xF3;n y medios de comunicaci&#xF3;n</subfield>
    <subfield code="b">: aproximaciones y propuestas para las buenas pr&#xE1;cticas period&#xED;sticas</subfield>
    <subfield code="c">[realizaci&#xF3;n, Fundaci&#xF3;n Chandra y Fundaci&#xF3;n Directa]</subfield>
  </datafield>
  <datafield tag="260" ind1=" " ind2=" ">
    <subfield code="a">Madrid</subfield>
    <subfield code="b">Ministerio de Trabajo y Asuntos Sociales. Subdirecci&#xF3;n General de Informaci&#xF3;n Administrativa y Publicaciones</subfield>
    <subfield code="c">2007, DL 2008</subfield>
  </datafield>
  <datafield tag="300" ind1=" " ind2=" ">
    <subfield code="a">159 p.</subfield>
  </datafield>
  <datafield tag="650" ind1="0" ind2="4">
    <subfield code="9">4234</subfield>
    <subfield code="a">Emigraci&#xF3; i immigraci&#xF3;</subfield>
    <subfield code="z">Espanya</subfield>
    <subfield code="x">Cobertura period&#xED;stica</subfield>
  </datafield>
  <datafield tag="650" ind1="0" ind2="4">
    <subfield code="9">3817</subfield>
    <subfield code="a">Immigrants en els mitjans de comunicaci&#xF3; de massa</subfield>
  </datafield>
  <datafield tag="650" ind1="0" ind2="4">
    <subfield code="9">3086</subfield>
    <subfield code="a">Periodisme</subfield>
    <subfield code="x">Manuals d'estil</subfield>
  </datafield>
  <datafield tag="710" ind1="2" ind2=" ">
    <subfield code="9">3824</subfield>
    <subfield code="a">Fundaci&#xF3;n Chandra</subfield>
  </datafield>
  <datafield tag="710" ind1="2" ind2=" ">
    <subfield code="9">3825</subfield>
    <subfield code="a">Fundaci&#xF3;n Directa</subfield>
  </datafield>
  <datafield tag="710" ind1="1" ind2=" ">
    <subfield code="9">3826</subfield>
    <subfield code="a">Espanya</subfield>
    <subfield code="b"> -- Ministerio de Trabajo y Asuntos Sociales</subfield>
  </datafield>
  <datafield tag="942" ind1=" " ind2=" ">
    <subfield code="2">udc</subfield>
    <subfield code="c">MON</subfield>
  </datafield>
  <datafield tag="999" ind1=" " ind2=" ">
    <subfield code="c">6491</subfield>
    <subfield code="d">6491</subfield>
  </datafield>
  <datafield tag="952" ind1=" " ind2=" ">
    <subfield code="0">0</subfield>
    <subfield code="1">0</subfield>
    <subfield code="4">0</subfield>
    <subfield code="7">0</subfield>
    <subfield code="a">CDMR</subfield>
    <subfield code="b">CDMR</subfield>
    <subfield code="d">2013-01-16</subfield>
    <subfield code="l">0</subfield>
    <subfield code="o">Ci 1.1 /29</subfield>
    <subfield code="p">CDMR13066739</subfield>
    <subfield code="r">2013-06-19</subfield>
    <subfield code="w">2013-06-19</subfield>
    <subfield code="y">MON</subfield>
  </datafield>
</record>
